000 00770nam a2200205 4500
001 120644
003 ES-MaACL
005 20231228062659.0
007 t|
008 070214s1963 sp r ||||1| spa d
100 1 _aPozuelo Escudero, Vicente.
_993555
245 1 0 _aHomenaje al Profesor Marañón /
_cDirector del curso y su publicación, Dr. Vicente Pozuelo Escudero.
260 _aMadrid :
_bLib. Científico-Médica Española,
_c1963.
300 _aXVI, 609 p., 24 lám. ;
_c25 cm.
500 _aPrecede al tít.: Primer Curso Internacional de Endocrinología.
700 1 _aMarañón, Gregorio,
_d1887-1960
_976311
711 2 _aCurso Internacional de Endocrinología (
_d1963? (
_n. 1º)
_9610
852 _aES-MaACL
_jC-24125
_bR.53129
999 _c120644
_d120644